000 00586nam a2200229Ia 4500
003 OSt
005 20220918225433.0
006 a|||||r|||| 00| 0
007 ta
008 220917b |||||||| |||| 00| 0 eng d
024 _a241,705
037 _cTextual
040 _aARTS
_cARTS
_beng
041 _2eng
_aeng
082 _aQ2'N, L5
100 _aDevaraja N K
_926318
245 0 _aHinduism and the modern age
260 _aBombay
_bCurrent Book House India
_c1975
650 _aRELIGION
942 _hQ2'N, L5
_cTEXL
_2CC
999 _c284682
_d284682